Bác Hồ viết di chúc : Hồi ký của Vũ Kỳ
Đã lưu trong:
| 主要作者: | |
|---|---|
| 格式: | 圖書 |
| 語言: | Undetermined |
| 出版: |
Hà Nội
Kim Đồng
2000
|
| 主題: | |
| 標簽: |
添加標簽
沒有標簽, 成為第一個標記此記錄!
|
| Thư viện lưu trữ: | Trung tâm Học liệu Trường Đại học Cần Thơ |
|---|
| LEADER | 00624nam a2200217Ia 4500 | ||
|---|---|---|---|
| 001 | CTU_38354 | ||
| 008 | 210402s9999 xx 000 0 und d | ||
| 082 | |a 324.2597075 | ||
| 082 | |b K600 | ||
| 100 | |a Vũ, Kỳ | ||
| 245 | 0 | |a Bác Hồ viết di chúc : | |
| 245 | 0 | |b Hồi ký của Vũ Kỳ | |
| 245 | 0 | |c Vũ Kỳ ; Thế Kỷ (ghi) | |
| 260 | |a Hà Nội | ||
| 260 | |b Kim Đồng | ||
| 260 | |c 2000 | ||
| 650 | |a Ho Chi Minh | ||
| 650 | |x Biography,Hồ Chí Minh | ||
| 650 | |y Tiểu sử | ||
| 904 | |i Q. Hiếu (sửa) | ||
| 980 | |a Trung tâm Học liệu Trường Đại học Cần Thơ | ||